La privatización de la propiedad comunal en el valle central de Costa Rica: el caso de Heredia 1830-1890 /

Guardat en:
Dades bibliogràfiques
Autor principal: Torres Hernández, Margarita
Format: Desconegut
Matèries:
Etiquetes: Afegir etiqueta
Sense etiquetes, Sigues el primer a etiquetar aquest registre!

MARC

LEADER 000000000a22000000004500
001 005594
100 1 |a Torres Hernández, Margarita 
245 1 0 |a La privatización de la propiedad comunal en el valle central de Costa Rica: el caso de Heredia 1830-1890 /   |c Margarita Torres Hernández. 
310 |a semestral 
650 4 |a VALLE CENTRAL (COSTA RICA) 
650 4 |a HEREDIA (COSTA RICA) 
650 4 |a CAFÉ 
650 4 |a CAMBIO SOCIAL 
650 4 |a ACCESO A LA TIERRA 
650 4 |a POLÍTICA AGRARIA 
650 4 |a CAPITALISMO AGRARIO 
650 4 |a PROTESTAS CAMPESINAS 
650 4 |a PRIVATIZACIÓN DE LA TIERRA 
650 4 |a TENENCIA DE LA TIERRA 
773 0 |x 1012-9790  |d San José, Costa Rica : Editorial de la Universidad de Costa Rica : Editorial de la Universidad Nacional  |t Revista de Historia  |g número 32 (1995), páginas 109-132 
942 |c ARC 
999 |c 12366  |d 12366